Tom Hanks Movies - Statistics

General Stats
  • This quiz has been taken 3,583 times
    3,522 since last reset
  • The average score is 17 of 43
Answer Stats
Hint Answer % Correct
1994 Forrest Gump
90%
1988 Big
85%
1995 Toy Story
82%
2000 Cast Away
81%
1999 Toy Story 2
78%
2010 Toy Story 3
78%
1993 Philadelphia
73%
1998 Saving Private Ryan
70%
1993 Sleepless in Seattle
68%
1998 You've Got Mail
63%
2002 Catch Me If You Can
57%
2004 The Terminal
57%
2013 Captain Phillips
54%
1989 Turner and Hooch
53%
1999 The Green Mile
51%
1984 Splash
50%
1995 Apollo 13
48%
2004 The Polar Express
47%
2006 The Da Vinci Code
46%
1990 Joe Versus the Volcano
44%
2009 Angels & Demons
38%
1984 Bachelor Party
35%
2002 Road to Perdition
35%
1986 The Money Pit
35%
1989 The 'Burbs
32%
1992 A League of their Own
30%
2013 Saving Mr. Banks
26%
1996 That Thing You Do!
24%
2007 Charlie Wilson's War
23%
2012 Cloud Atlas
21%
2011 Larry Crowne
21%
1987 Dragnet
20%
1985 The Man With One Red Shoe
20%
2004 Ladykillers
19%
1990 The Bonfire of the Vanities
14%
2011 Extremely Loud & Incredibly Close
13%
1985 Volunteers
12%
1988 Punchline
11%
1986 Nothing in Common
10%
1986 Everytime We Say Goodbye
6%
1980 He Knows You're Alone
6%
2008 The Great Buck Howard
6%
2004 Elvis has Left the Building
5%
No matching quizzes found
Score Distribution
Percent of People with Each Score
Percentile by Number Answered
Your Score History
You have not taken this quiz since the last reset